000 00583nam a2200193Ia 4500
003 IN-BaIIA
008 211028s9999 xx 000 0 eng d
020 _a0-07-037130-X
040 _cIIA Library
080 _a530.1
_bLEI
100 _aLeighton, Robert B
_93559
245 0 _aPrinciples of Modern Physics
_cRobert B Leighton
260 _aNew York
_c1959
300 _avii, 795p.
490 _aInternational Sciences in Pure and Aplied Physics
650 _aAstronomy and Astrophysics Thesaurus
650 _aPhysics
_973
942 _cBK
999 _c1854
_d1854